000 00572nam a22001697a 4500
999 _c19378
_d19378
003 AR-CdUCM
008 190517b ||||| |||| 00| 0 spa d
040 _aMUNICIPALIDAD PROVINCIAL DEL CUSCO
_cBIBLIOTECA MUNICIPAL DEL CUSCO
082 _a970.600 /
_bB39
100 _aBehrman, Daniel
_940689
245 _aTambien las montañas pueden moverse /
260 _aParis :
_bUnesco,
_c1954.
300 _a80 páginas ;
_c25 cm.
505 _aEl papel a la realidad -- Una escuela sin campana -- Costarica -- Colombia --Guatemala...
942 _2ddc
_cLIBROS
945 _awfj